000 00200 a2200097 4500
020 _a9780375830327
041 _aeng
100 _aPope Osborne, Mary
245 _aSeason of the sandstorms
942 _cBK
999 _c31971
_d31969